লোডিং...
American government ; democracy in action /
| প্রধান লেখক: | |
|---|---|
| অন্যান্য লেখক: | |
| ভাষা: | Undetermined |
| প্রকাশিত: |
1954.
|
| LEADER | 00427nam a2200133Ia 4500 | ||
|---|---|---|---|
| 001 | 98323 | ||
| 008 | 170722s9999 xx 000 0 und d | ||
| 100 | |a Merriam, Charles E. | ||
| 245 | |a American government ; democracy in action / | ||
| 260 | |c 1954. | ||
| 700 | |a Merrian, Robert E. | ||
| 942 | |c GEN | ||
| 999 | |c 54199 |d 54199 | ||
| 952 | |0 0 |1 0 |4 0 |6 V_732_N3_J4 |7 0 |8 LC1 |9 77068 |a LIB |b LIB |d 2017-08-12 |h LC1 |o V73:2.N3 J4 |p 74547 |r 2017-08-12 |w 2017-08-12 |y GEN | ||